000 00280nam a22001337a 4500
008 170206b xxu||||| |||| 00| 0 eng d
020 _a9781437716436
041 _aeng
080 _a61
100 _a3
101 _aSHM
245 _aSTEP BY STEP
_cCAROL.J.BUCK
942 _2udc
_cBK
999 _c4719
_d4719